| 000 | 00540nam a2200169 i 4500 | ||
|---|---|---|---|
| 001 | 88692 | ||
| 003 | ES-MaACL | ||
| 005 | 20250827063213.0 | ||
| 007 | t| | ||
| 008 | 050105q1956 sp ||||1| spa d | ||
| 100 | 1 |
_aLana García, Francisco _969886 |
|
| 245 | 1 | 0 |
_aCurso de taquigrafía martiniana en nueve lecciones / _cexplicadas por Francisco Langa García. |
| 260 |
_a[S.l. : _bs.n., _c1956] ( _fImp. Torreblanca) |
||
| 300 |
_a151 p., 15 lám. ; _c22 cm. |
||
| 852 |
_aES-MaACL _jC-11567 _bR.39685 |
||
| 999 |
_c88692 _d88692 |
||